| 000 | 00464nam a2200193Ia 4500 | ||
|---|---|---|---|
| 005 | 20240823030616.0 | ||
| 008 | 240823s9999||||xx |||||||||||||| ||und|| | ||
| 020 | _a978-81-8152-237-5 | ||
| 041 | _aENGLISH | ||
| 082 | _A808.48 P8 | ||
| 100 | _aKhatri C L | ||
| 245 | 0 | _aNarrative Noodles Essays on Indian Novels in English | |
| 250 | _a1st | ||
| 260 |
_c2008 _bBook Enclav |
||
| 500 | _aYES | ||
| 650 |
_aNovels _bEnglish |
||
| 942 | _cBK | ||
| 999 |
_c189102 _d189102 |
||